000 00428nam a2200181Ia 4500
001 17181
005 20260306170406.0
008 260306t2007||||xx |||||||||||||| ||und||
041 _aESP
082 _a657.48
_bV78
100 _aVizcarra Moscoso, Jaime Ernesto
_eAUT
245 0 _aAuditoría financiera
260 _c2007
300 _a600 páginas :
_ccm.
650 _aGEN
654 _aCCO
942 _cLIB
_dJUS
_fJUS
_2ddc
_n
999 _c17181
_d17181